El despido objetivo (Registro nro. 31993)
[ vista simple ]
| 000 -CABECERA | |
|---|---|
| Longitud fija campo de control | 00985naa a2200277 c 4500 |
| 001 - NÚMERO DE CONTROL | |
| Número de control | 31993 |
| 003 - IDENTIFICADOR DE NÚMERO DE CONTROL | |
| Identificador del número de control | ES-MaCES |
| 005 - FECHA Y HORA DE LA ÚLTIMA TRANSACCIÓN | |
| Fecha y hora de la última transacción | 20140409114525.0 |
| 008 - CAMPO FIJO DE DESCRIPCIÓN FIJA--INFORMACIÓN GENERAL | |
| Códigos de información de longitud fija | 000925n2000 sp l o000 | spa d |
| 035 ## - NÚMERO DE CONTROL DEL SISTEMA | |
| Número de control del sistema | CES20000005319v |
| 040 ## - FUENTE DE CATALOGACIÓN | |
| Centro catalogador de origen | ES-MaCES |
| Lengua de catalogación | spa |
| Centro transcriptor | ES-MaCES |
| 100 1# - ENCABEZAMIENTO PRINCIPAL--NOMBRE PERSONAL | |
| 9 (RLIN) | 11083 |
| Nombre de persona | Durán López, Federico |
| 245 13 - MENCIÓN DE TÍTULO | |
| Título | El despido objetivo |
| Resto del título | : causas, forma y efectos : (en torno a los artículos 52 y 53) |
| Mención de responsabilidad, etc. | Federico Durán López |
| 650 #4 - ASIENTO SECUNDARIO DE MATERIA--TÉRMINO DE MATERIA | |
| Término de materia o nombre geográfico como elemento inicial | derecho del trabajo |
| 9 (RLIN) | 27165 |
| 650 #4 - ASIENTO SECUNDARIO DE MATERIA--TÉRMINO DE MATERIA | |
| Término de materia o nombre geográfico como elemento inicial | reforma legislativa |
| 9 (RLIN) | 29892 |
| 650 #4 - ASIENTO SECUNDARIO DE MATERIA--TÉRMINO DE MATERIA | |
| Término de materia o nombre geográfico como elemento inicial | 1995 |
| 9 (RLIN) | 30872 |
| 650 #4 - ASIENTO SECUNDARIO DE MATERIA--TÉRMINO DE MATERIA | |
| Término de materia o nombre geográfico como elemento inicial | 1980 |
| 9 (RLIN) | 30860 |
| 650 #4 - ASIENTO SECUNDARIO DE MATERIA--TÉRMINO DE MATERIA | |
| Término de materia o nombre geográfico como elemento inicial | Estatuto de los Trabajadores |
| 9 (RLIN) | 30784 |
| 650 #4 - ASIENTO SECUNDARIO DE MATERIA--TÉRMINO DE MATERIA | |
| Término de materia o nombre geográfico como elemento inicial | España |
| 9 (RLIN) | 26964 |
| 650 #4 - ASIENTO SECUNDARIO DE MATERIA--TÉRMINO DE MATERIA | |
| Término de materia o nombre geográfico como elemento inicial | despido por causas objetivas |
| 9 (RLIN) | 31585 |
| 653 10 - TÉRMINO DE INDEXACIÓN--NO CONTROLADO | |
| Término no controlado | Empleo |
| 773 0# - ENTRADA DE DOCUMENTO FUENTE | |
| Título | Revista española de Derecho del trabajo |
| Parte(s) relacionada(s) | n. 100-II (marzo - ag. 2000){10040 R. 037145}; 1089-1111 |
| Número de control del registro relacionado | (ES-MaCES)25060 |
| Itemnumber del ítem fuente | 32343 |
| 902 ## - CES. TIPO DE DOCUMENTO | |
| Tipodoc (006$c Sirtex) | ART Artículo de revista |
| 942 ## - ELEMENTOS KOHA | |
| Fuente de clasificaión o esquema | Clasificación propia del CES |
| Koha [por defecto] tipo de item | Artículos (1982-2017) |
| Parte de clasificación | 2.1. |
No hay ítems disponibles.
